000
00326nam a2200133Ia 4500
008
240624s9999 xx 000 0 und d
041
_a
eng
082
_a
361.06 MAC
100
_a
MACLENNAN NIGEL
245
_a
COUNSELLING FOR MANAGERS
260
_c
1996
_a
USA
_b
Gower
300
_a
xii, : 281 : p. : cm. ; 23
365
_c
BPS
_b
35
999
_c
7525
_d
7525